01002nam a22002411a 450000100060000000300080000600500170001400800410003103500190007204000380009104100080012908200260013724502010016326000500036430000270041465000190044170000300046071000530049071000400054394200120058399900170059595201480061213250BD-RjUL20211208235427.0140130s1959 enk 000 0 d a(BD-RjUL)13301 aABN:1bengcABN:1dABN:1dBD-RjUL aeng04a616.238bBRO 195922300aBronchial Asthma :ba symposium. Report of a meeting held on 25th February 1959 at the Royal Society of Medicine, Wimpole Street, London /cChairman: J. L. Livingstone [and] Sir Geoffrey Manshall. aLondon :bChest and Heart Association,c1959. a96 p. :bill.;c20 cm. 0aAsthma.9412631 aLivingstone, J. L.9412642 aRoyal Society of Medicine (Great Britain)9412652 aChest and Heart Association.939157 2ddccBK c13250d13250 00102ddc40718NFICaRUCLbRUCLcReadingd1966-05-31eChest & Heart Ass., Giftl0o616.238 BRO 1959r2014-01-30 00:00:00tC-1w2014-01-30yBK